Historical figures quiz (Cold War) - Statistics

General Stats
  • This quiz has been taken 40 times
  • The average score is 12 of 16
Answer Stats
Picture Answer % Correct
John F Kennedy
100%
Joseph Stalin
100%
Fidel Castro
97%
Mao Zedong
92%
Winston Churchill
92%
Margaret Thatcher
89%
Dwight D Eisenhower
86%
Ronald Reagan
86%
Che Guevara
84%
Mikhail Gorbachev
81%
Harry S Truman
78%
Nikita Khrushchev
62%
Leonid Brezhnev
54%
John Paul II
49%
Konrad Adenauer
30%
Aleksandr Solzhenitsyn
3%
No matching quizzes found
Score Distribution
Percent of People with Each Score
Percentile by Number Answered
Your Score History
You have not taken this quiz